[Event "Carlos Torre Wimbledon 17th"]
[Site "Merida"]
[Date "2004.12.17"]
[Round "1.3"]
[White "Sulskis, Sarunas"]
[Black "Vera Gonzalez Quevedo, Reynaldo"]
[Result "1-0"]
[WhiteElo "2555"]
[BlackElo "2461"]
[Annotator "Gofshtein,L"]
[PlyCount "49"]
[EventDate "2004.12.13"]
[EventType "k.o."]
[EventRounds "4"]
[EventCountry "MEX"]
[SourceTitle "CBM 105"]
[Source "ChessBase"]
[SourceDate "2005.04.11"]
[SourceVersion "1"]
[SourceVersionDate "2005.04.11"]
[SourceQuality "1"]

1. e4 c5 2. Nf3 d6 3. d4 cxd4 4. Nxd4 Nf6 5. Nc3 a6 6. Bg5 e6 7. f4 Nbd7 8. Bc4
Qb6 {Activizing the queen and escaping the pin. As the tournament practice
shows black gets mutual chances after 8...b5} (8... b5 $5 9. Bxe6 (9. Bb3 Qb6
10. f5 e5 11. Nf3 Bb7 12. Qe2 b4 13. Na4 Qb5 $132 {1-0 Ljubojevic,L-Gutman,L/
Wijk aan Zee 1987/CBM 02 (58)}) 9... fxe6 10. Nxe6 Qa5 (10... Qb6 11. Qe2 Nc5
12. Nd5 Nxd5 13. exd5 Bxe6 14. dxe6 Be7 {0-1 Gebhardt,U-Karpman,V/Giessen 1994/
GER (34)}) 11. e5 dxe5 12. fxe5 Nxe5 13. Bxf6 gxf6 14. Qh5+ Nf7 15. Qd5 Ra7 $19
{0-1 Stocek,J-Dvoirys,S/Cappelle la Grande 1994/EXT 99 (34)}) (8... Qa5 9. Qe2
$5 b5 10. Bd5 $36 {1-0 Matulovic,M-Barlov,D/Smederevska Palanka 1982/MCL (42)})
9. Qd2 $5 {The most agressive move in this position. As the tournament
practice shows other options such as 9.Bf6 and 9.Bb3 allow black to get
sufficient counterplay} (9. Bxf6 Nxf6 (9... Qxb2 $2 10. Nxe6 $1 fxe6 11. Bd4 e5
12. a3 exd4 13. Na4 $18 {1-0 Groszpeter,A-Loeffler,S/Lenk 1995/EXT 97 (30)})
10. Bb3 e5 11. Nde2 exf4 12. Nxf4 Qe3+ 13. Nfe2 Be7 14. Qd4 Qxd4 15. Nxd4 g6
16. O-O O-O 17. Rad1 $14 {1/2-1/2 Beliavsky,A-Gelfand,B/Linares 1994/CBM 40 
(43)}) (9. Bb3 Be7 10. f5 Nc5 11. fxe6 fxe6 12. Be3 (12. Qe2 Nxb3 13. Nxb3 O-O
$132 {1/2-1/2 Ljubojevic,L-Gheorghiu,F/Palma de Mallorca 1972/EXT 98 (20)})
12... Qc7 13. O-O b5 (13... O-O 14. a3 Nxb3 $132 {0-1 Matulovic,M-Buljovcic,I/
Novi Sad 1975/EXT 2001 (42)}) 14. Qf3 O-O {1/2-1/2 Kavalek,L-Gheorghiu,F/
Skopje 1972/EXT 2000 (14)} (14... O-O 15. e5 dxe5 16. Qc6 Ra7 $17 {0-1
Matulovic,M-Gheorghiu,F/Helsinki 1972/MCD (50)})) (9. Bxf6 {— 60/261}) 9...
Qxb2 {Black accepts the challenge and takes the pawn. After the calm 9...Be7
white gets a good position} (9... h6 10. Bh4 Qxb2 11. O-O Qb4 12. Bxe6 $13 {
0-1 Borocz,I-Pinter,J/Hungary 1996/EXT 2000 (36)}) (9... Be7 10. O-O-O Nc5 11.
Rhe1 Qd8 12. b4 Ncd7 13. Bxe6 $36 {1-0 Anderson,J-Savory,R/London 1995/EXT 98 
(29)}) 10. O-O {10.Rb1 was also possible which leads to an unclear position} (
10. Rb1 Qa3 {— B 97} (10... Qa3 11. Bxe6 fxe6 12. Nxe6 Qa5 13. O-O h6 14. Bh4
Kf7 15. f5 $13 {1-0 Beil,Z-Watzlawek,M/Sueder 1996/EXT 2001 (35)})) 10... Be7 {
Black also has another option 10...Qb4 which leads to complex positions which
are very difficult to evaluate} (10... Qb4 $5 11. Bb3 (11. Bxe6 $1 $146 fxe6
12. Nxe6 Kf7 (12... Qb6+ 13. Kh1 Nc5 14. Nxc5 Qxc5 (14... dxc5 15. e5 $16) 15.
e5 $40) (12... Qc4 $1 13. Nxf8 (13. e5 $36 dxe5 (13... Qxe6 14. exf6 Kf7 15.
Rae1 Qc4 (15... Qf5 16. fxg7 Kxg7 17. Qd4+ Kg8 18. Nd5 h6 19. Re8 $16) 16. fxg7
Bxg7 (16... Kxg7 17. f5 $40) 17. Re7+ $44) 14. Nxf8 (14. fxe5 Qxe6 15. exf6
Bc5+ 16. Kh1 O-O 17. fxg7 Rxf1+ 18. Rxf1 b6 $17) 14... Rxf8 {— 13.Nf8}) 13...
Rxf8 (13... Nxf8 14. e5 $40) 14. e5 dxe5 (14... Ng4 15. Rae1 $40) 15. fxe5 Ng4
$1 $13 (15... Nxe5 16. Rae1 $16)) 13. e5 $5 $13 {0-1 Sulskis,S-Kobalia,M/
Moscow 2003/Inf 87/[Kobalia,M] (26)} (13. Nxf8 Rxf8 14. e5 Qc5+ 15. Kh1 dxe5
16. fxe5 Qxe5 17. Rae1 Qa5 18. Re7+ Kg8 $17) (13. Nd8+ Kg8 14. Rab1 (14. e5
dxe5 15. fxe5 Nxe5 16. Bxf6 gxf6 17. Rxf6 h6 $17) 14... Qc4 $15)) 11... Be7 12.
Rad1 Nc5 $13 (12... Nc5 13. Qe1 Bd7 14. e5 {1/2-1/2 Vuckovic,B-Lesiege,A/
Bermuda 2002/CBM 088 (53)})) (10... Qb6 11. Kh1 h6 (11... Qc7 12. Bxe6 $1 fxe6
13. Nxe6 Qc4 (13... Qa5 14. e5 $1 dxe5 15. fxe5 Nxe5 16. Nxf8 $5 Rxf8 17. Rae1
Qc7 18. Nd5 Qd6 19. Nxf6+ Rxf6 20. Rxe5+ Be6 (20... Qxe5 21. Bxf6 $18) 21. Rxf6
Qxe5 22. Rf1 $16) 14. e5 (14. Nd5 Nxd5 15. exd5 Nf6 16. Bxf6 Bxe6 $15) 14...
Qxe6 (14... dxe5 15. fxe5 Qxe6 16. exf6 $18) 15. exf6 Kf7 16. fxg7 Bxg7 17.
Rae1 Qc4 18. Ne4 $16) (11... Be7 12. Bxe6 $1 fxe6 13. Nxe6 Kf7 14. Nd5 (14. e5
dxe5 15. fxe5 Nxe5 $15) 14... Nxd5 15. Rab1 $1 (15. Qxd5 Nf6 16. Nd8+ Ke8 17.
Bxf6 gxf6 18. Ne6 Bxe6 19. Qxe6 Qc6 $17) 15... Qe3 (15... Nb4 16. Rxb4 Qa5 17.
Bxe7 $40) 16. Qxd5 Nf6 17. Nd8+ Ke8 18. Bxf6 gxf6 19. Nxb7 Rb8 20. Qh5+ Kd7 (
20... Kf8 21. Nd8 $1 Bxd8 22. Rxb8 Qc3 23. e5 $16) 21. Qf5+ Kc7 (21... Ke8 22.
Nxd6+ Bxd6 23. Rxb8 $18) 22. Qa5+ Kd7 23. Qxa6 $36) 12. Bh4 (12. Bxf6 Nxf6 13.
e5 (13. f5 Qc5 14. Bb3 e5 $15) 13... Ng4 14. exd6 (14. Be2 dxe5 15. fxe5 Nxe5
16. Qf4 Bd6 $17) 14... Bxd6 15. Ne4 Be7 $15) 12... g5 $5 (12... Qc7 13. Bxe6
fxe6 14. Nxe6 Qc4 15. e5 $40) (12... Be7 13. Bxe6 fxe6 14. Nxe6 $36) 13. fxg5
hxg5 14. Bxg5 Ng4 15. h3 Nde5 16. Be2 Bg7 $13) 11. Rab1 Qa3 12. Kh1 {A
profilactic move. By hiding the king white prepares an opening of the game} Qc5
$6 {Black provokes the opponent to sacrifice a piece. 12...Nc5 deserved
attention not letting white to sacrifice on e6} (12... Nc5 $5 13. Rfe1 b5 14.
Bxf6 gxf6 $132) 13. Bxe6 $1 {[%mdl 512]} fxe6 14. Nxe6 Qa5 {Also in case of 14.
..Qc4 white's attack is dangerous} (14... Qc4 15. Nxg7+ Kf7 16. Nf5 Bf8 17. e5
$40) 15. Nxg7+ Kf7 16. Nf5 $36 {[%mdl 128] Two extra pawns, black's exposed
king and insufficient development give white enough compensation for the
sacrificed piece} Nxe4 {Black tries to exchange white's dangerous knight (Nf5).
In case of 16...Bf8 or 16...Rhe8 white gets a dangerous attack after 17.e5} (
16... Bf8 17. e5 $1 dxe5 18. fxe5 Qxe5 19. Rbe1 Qc5 20. Ne4 Qd5 (20... Nxe4 21.
Rxe4 $40) 21. Qc3 $18) (16... Re8 17. e5 dxe5 18. fxe5 Qxe5 19. Rbe1 Qc5 20.
Nxe7 Rxe7 21. Rxe7+ Kxe7 22. Nd5+ $40) 17. Nxe4 Qxf5 18. Rbe1 $1 {[%cal Re1e7]
White brings his last piece into action. The exposed position of the black
king and the activity of the white pieces make black's position indefencible}
Bf8 19. Nxd6+ Bxd6 20. Qxd6 {[%cal Re1e7]} Rf8 21. Bh6 $18 {Forcing the
exchange of black's main defenders} Re8 (21... Kg8 22. Rf3 Kh8 23. Rg3 Qf6 24.
Bxf8) 22. Rxe8 Kxe8 23. Re1+ Kf7 (23... Kd8 24. Bg5+ $18) 24. Re7+ Kg8 25. Qd4
(25. Rg7+ Kh8 26. Rxd7 Bxd7 27. Qd4+) 1-0

[Event "Corus-C"]
[Site "Wijk aan Zee"]
[Date "2004.01.19"]
[Round "8"]
[White "Pavlovic, Milos"]
[Black "Janssen, Ruud"]
[Result "1-0"]
[WhiteElo "2548"]
[BlackElo "2489"]
[Annotator "Gofshtein,L"]
[PlyCount "67"]
[EventDate "2004.01.10"]
[EventType "tourn"]
[EventRounds "13"]
[EventCountry "NED"]
[EventCategory "9"]
[SourceTitle "CBM 099"]
[Source "ChessBase"]
[SourceDate "2004.03.30"]
[SourceVersion "1"]
[SourceVersionDate "2004.03.30"]
[SourceQuality "1"]

1. e4 {[%mdl 4]} c5 2. Nf3 d6 3. d4 cxd4 4. Nxd4 Nf6 5. Nc3 a6 6. Bg5 e6 7. f4
Nbd7 8. Qf3 Qc7 9. O-O-O b5 10. Bd3 Bb7 11. Rhe1 O-O-O 12. f5 {A relatively
new move. 12.a3 or 12.Qh3 was mostly played before. In this case black
recieved a fine counterplay, for example:} (12. a3 Be7 13. Qe2 h6 (13... Nc5
14. Bxb5 $5 $36) 14. Bh4 Nc5 15. Bf2 (15. Bxb5 $2 Nfxe4 16. Nxe4 Bxh4 $19)
15... d5 (15... Kb8 $5 $14) (15... Nxd3+ $142 {Wolff} 16. Rxd3 Kb8) 16. e5 Nfe4
$5 $132 {1/2-1/2 Adams,M-Gelfand,B/Wijk aan Zee 1994/CBM 39/[Gelfand] (45)})
12... e5 13. Nb3 Be7 14. a4 $1 {[%mdl 16] This way white significatly weakens
the position of the black king and gets a promising position. This move which
was introduced only recently puts a question mark on this variation for black.
Other moves are not dangerous for black} (14. Bxf6 Nxf6 15. Nd5 Nxd5 16. exd5
Kb8 $132 {1/2-1/2 Baklan,V-Kuczynski,R/Ohrid 2001/CBM 84 (59)}) 14... Nxe4 {
Black accepts the sacrifice and quickly finds himself in difficulties. But
anyway it is hard to give black a good advice. White has the initiative in all
lines} (14... b4 $6 15. Bxf6 Nxf6 (15... Bxf6 16. Nd5 Bxd5 17. exd5 a5 18. Re4
Qa7 19. Bb5 $36 {1-0 Berg,E-Paehtz,E/Gausdal 2003/CBM 93 ext (31)}) 16. Nd5
Nxd5 17. exd5 a5 18. Re4 $40 {[%csl Gc4] 1-0 Kotronias,V-Jobava,B/Batumi 2002/
CBM 90/[Tyomkin,D] (35)}) (14... bxa4 $6 15. Nxa4 d5 16. exd5 Nxd5 17. Bxe7
Nxe7 18. Be4 $16) 15. Bxe4 (15. Bxe7 Nxc3 16. Bxd8 Rxd8 $17) 15... Bxg5+ 16.
Kb1 bxa4 17. Bxb7+ $1 {Of course, there is no need to drive the knight off the
center with 17.Na4} (17. Nxa4 $2 Nf6 18. Bxb7+ Qxb7 19. Qc3+ Qc7 $8 (19... Kb8
20. Na5 {[%cal Ga5c6]}) 20. Qd3 Kb7 $132) 17... Qxb7 18. Ne4 {[%cal Re4d6,
Re4g5] Centralization of the white pieces and the open position of the black
king give white a strong attack} Be7 19. Na5 Qc7 20. Nc3 $1 {[%mdl 512] A
positional piece sacrifice. The activity of the white pieces and a "bad"
black's king give white more than enough compensation} Qxa5 21. Qa8+ Nb8 22.
Nd5 $1 {[%mdl 128] White plays for the domination} Rd7 23. Re4 $1 {[%cal Ge4a4]
Activizing the rook. Now almost all white pieces are in the attack} Rc7 24.
Rxa4 Qc5 (24... Qxa4 25. Nb6+ $18) (24... Qb5 25. Rb4 Qa5 26. Nb6+ $18) 25. Rc4
$1 {Forcing black to give his queen} Qxc4 26. Nb6+ Kd8 27. Nxc4 Rxc4 28. Qxb8+
$18 Rc8 29. Qa7 {With a clear material advantage white easily decides the game
in his favour} h5 30. Rd3 {[%cal Rd3b3,Rb3b7,Rb7e7] With the idea to activize
the rook via d3-b3-b7} Rh6 31. Rb3 Rc7 32. Rb8+ Kd7 33. Qxa6 d5 34. Qb5+ {
New material losses are inevitable, that's why black resigned} 1-0

[Event "Olympiad-36"]
[Site "Mallorca"]
[Date "2004.10.18"]
[Round "4"]
[White "Ibrayev, Nurlan"]
[Black "Kulaots, Kaido"]
[Result "1/2-1/2"]
[WhiteElo "2476"]
[BlackElo "2597"]
[Annotator "Gofshtein,L"]
[PlyCount "79"]
[EventDate "2004.10.15"]
[EventType "team-swiss"]
[EventRounds "14"]
[EventCountry "ESP"]
[SourceTitle "CBM 104"]
[Source "ChessBase"]
[SourceDate "2005.01.27"]
[SourceVersion "1"]
[SourceVersionDate "2005.01.27"]
[SourceQuality "1"]
[WhiteTeam "Kazakhstan"]
[BlackTeam "Estonia"]
[WhiteTeamCountry "KAZ"]
[BlackTeamCountry "EST"]

1. e4 c5 2. Nf3 d6 3. d4 cxd4 4. Nxd4 Nf6 5. Nc3 a6 6. Bg5 e6 7. f4 Nbd7 8. Qf3
Qc7 9. O-O-O b5 10. Bd3 Bb7 11. Rhe1 Qb6 12. Nd5 Qxd4 (12... exd5 $2 13. Nc6 $3
Bxc6 14. exd5+ Be7 15. dxc6 Nc5 16. Bxf6 gxf6 17. Bf5 $36 {Chiburdanidze,
M-Dvoiris,S,Tashkent,1980}) 13. Bxf6 $5 (13. Nc7+ Kd8 14. Nxa8 Qa4 $132) 13...
gxf6 14. Bxb5 Qc5 (14... Qxd1+ 15. Rxd1 axb5 16. Nc7+ Kd8 17. Nxa8 Bxa8 18. Qd3
Rg8 19. g3 Bc6) 15. Nxf6+ $146 {[%mdl 8] A novelty. 15.b4 was played before
which leads to irrational positions. As the tournament practice shows black
has enough compensation for the sacrificed queen.} (15. b4 Qxb5 16. Nc7+ Ke7 (
16... Kd8 17. Nxb5 axb5 18. Qh5 {xf7} (18. Qh5 Rxa2 19. Qxb5 $36 {1-0
Janetschek,K-Wallner,A/Austria 1992/EXT 97 (61)})) 17. Nxb5 axb5 18. Qd3 (18.
Qh5 $5 $146 Rxa2 $1 $132 {0-1 Shabalov,A-Gelfand,B/Bermuda 2004/CBM 99/
[Gelfand] (47)} (18... e5 $6 19. Kb1 $36) (18... Bc6 19. Rd3 $5 $36) (18... Bg7
19. Rxd6 $1 Kxd6 20. Qxf7 $16 {/\ Rd1})) 18... Ra6 19. Qxb5 Rb6 $13 {0-1
Mirkovic,S-Tadic,B/Belgrade 2004/CBM 102 ext (43)}) 15... Ke7 {Another
possible move in this position led to unclear consequences} (15... Kd8 $5 16.
Bxd7 $5 (16. Nxd7 Qxb5 17. Qc3 (17. Nxf8 Rxf8 18. Rxd6+ Kc7 19. Red1 $13) 17...
Kxd7 (17... Rg8) 18. Qxh8 Qh5 $132) 16... Be7 17. Qb3 Bxf6 18. Bxe6 fxe6 19.
Qxb7 Ra7 20. Qb3 $44) 16. Bxd7 Bg7 (16... Kxf6 17. e5+ Ke7 18. Qxb7 Ra7 19.
exd6+ $18) 17. Nh5 Bxb2+ $8 18. Kxb2 Kxd7 {After a serie of forced moves the
game came to a position where white has an extra pawn and a clear edge.} 19.
Re3 $6 {After 19.Qa3 black faced a serious problems.} (19. Qa3 $5 Qxa3+ 20.
Kxa3 Rhc8 21. e5 d5 22. Nf6+ Ke7 23. Rd2 $16) 19... Rhc8 20. Rc3 Qxc3+ 21. Qxc3
Rxc3 22. Kxc3 {[%mdl 4096]} Rc8+ 23. Kd3 (23. Kb3 Ke7 24. Ng3 h5 $44) 23... f5
$5 {This way black activizes his light squared bishop.} (23... Rc5 24. g4 Ra5
25. Rb1 $16) 24. exf5 exf5 25. Ng3 {[%csl Yf5][%cal Rg3f5] 25.Rd2 has also
deserved attention, exchanging the c-pawn for the h-pawn and getting a
dangerous passed pawn along the h-file.} (25. Rd2 $5 $16 Be4+ 26. Kd4 d5 27.
Nf6+ Kd6 28. Nxh7 Rc4+ 29. Ke3 Bxc2 30. Ng5 $16) 25... Rc5 $6 $44 {[%cal Rc5f5,
Rc5a5,Ra5a2,Yb7g2] 25...Bxg2 deserved serious attention, exchanging the weak
f5 pawn for g2. In this case in spite of the lack of pawn black can attack
white's many weaknesses.} (25... Bxg2 $5 26. Nxf5 Rf8 27. Nh4 Bh3 28. Ke4 Re8+
29. Kd3 Rf8 30. Ke4 Re8+ $132) 26. Rd2 (26. Rg1 Ke6 27. c4 d5 28. cxd5+ Rxd5+
29. Kc3 Rc5+ 30. Kd4 Rc2 $44) 26... Rd5+ 27. Ke3 Rxd2 28. Kxd2 Ke6 29. Ke3 Bxg2
30. Kd4 {Despite the material equality white's position is clearly better as
his king is much more superior.} Bc6 31. c4 Kf6 {Black is forced to wait.} 32.
a3 Kg6 33. Kc3 Bd7 {[%cal Rd7e6] Bringing the bishop to a more active position.
} 34. Kd4 Be6 {[%cal Re6c4] The bishop targets the c4 pawn, knotting the white
king to it.} 35. c5 {Exchanging his weak c4 pawn and trying to activize the
king.} dxc5+ 36. Kxc5 Bb3 37. Kd6 {White gets nothing by activizing the knight
by 37.Nf1. As the next lines show black is able to get a draw.} (37. Nf1 Kh5 (
37... Bd1 38. Ne3 Be2 39. Nd5 Bf1 40. Kd6) 38. Ne3 Ba2 $1 (38... Kh4 39. Nxf5+
Kg4 40. Nd4) 39. Kb6 Kh4 40. Nxf5+ Kg4 41. Ne7 Kxf4 42. Kxa6 Bb3 43. Kb5 Kg4
44. Kb4 Bd1 $11) 37... Bc2 38. Ke5 Bd3 39. h4 Bb1 40. Ke6 {In this position
the opponents agreed to a draw. I think this decision is a little premature.
As the lines show black should have played very precisely after 40.Nf5 in
order to reach the draw.} (40. Nxf5 Kh5 41. Nd6 Kxh4 42. f5 Kg4 43. f6 Bg6 44.
f7 Bxf7 45. Nxf7 h5 46. Nh6+ Kg5 47. Nf5 Kg4 48. Ke4 a5 49. Nh6+ Kg5 50. Nf5
Kg4 51. Nd4 h4 52. Ke3 Kg3 53. Nf5+ Kg4 54. Nd6 Kg3) 1/2-1/2

[Event "Ismailia Misr 2nd"]
[Site "Ismailia"]
[Date "2004.08.16"]
[Round "1"]
[White "Timoshenko, Georgy"]
[Black "Adly, Ahmed"]
[Result "1-0"]
[WhiteElo "2536"]
[BlackElo "2475"]
[Annotator "Gofshtein,L"]
[PlyCount "77"]
[EventDate "2004.08.16"]
[EventType "tourn"]
[EventRounds "11"]
[EventCountry "EGY"]
[EventCategory "10"]
[SourceTitle "CBM 103"]
[Source "ChessBase"]
[SourceDate "2004.11.11"]
[SourceVersion "1"]
[SourceVersionDate "2004.11.11"]
[SourceQuality "1"]

1. e4 c5 2. Nf3 d6 3. d4 cxd4 4. Nxd4 Nf6 5. Nc3 a6 6. Bg5 e6 7. f4 Bd7 {
A very rare line, which doesn't provide black with good results} 8. Qf3 {
The most natural move, other common moves are 8.Qe2 supporting e4-e5 and 8.f5}
(8. e5 {is answered by} dxe5 9. fxe5 Qa5 {with a fine game for black}) 8... Nc6
9. O-O-O Nxd4 10. Rxd4 Bc6 11. Bc4 Be7 12. Bb3 {One month earlier Sulskis went
for a more direct approach against Adly and won in a nice fashion after 12.f5}
(12. f5 Qa5 13. Rhd1 exf5 14. Qxf5 Qxf5 15. exf5 Bxg2 16. Re1 Kf8 17. Bf4 Rd8
18. Rd2 Bc6 19. Rde2 d5 {1-0 Sulskis,S-Adly,A/Pardubice CZE 2004/The Week in
Chess 508 (47) although the position is highly unclear}) 12... Qc7 (12... Qa5 {
is an interesting alternative, after which f4-f5 would be involved with a pawn
sacrifice, similar to the game Sulskis-Adly}) 13. f5 exf5 (13... Nxe4 $2 {
is tempting but bad in view of} 14. Bxe7 Nxc3 15. Qxc3 Qxe7 16. fxe6 fxe6 17.
Bxe6 {with a winning attack}) (13... e5 $6 {is bad} 14. Bxf6 Bxf6 15. Rd3 {
dominating the d5 square with a clear advantage}) 14. Qxf5 O-O 15. Rf1 {
The position is complicated but white looks a little better, his pieces are
better placed} Rae8 16. Kb1 Bd7 17. Qf3 Be6 18. h3 {planning to grab some
space on the kingside} (18. Bxe6 fxe6 19. Qh3 Qc8 {is fine for black}) 18... b5
19. Rfd1 Rd8 $2 {too passive} (19... b4 $1 {was the sharp alternative} 20. Nd5
(20. Rxb4 $2 Qc5 $1 {is the point, attacking the rook and the bishop} 21. Bxf6
Qxb4 {and black is better}) (20. Bxf6 Bxf6 21. Rxb4 (21. Nd5 Bxd5 22. Rxd5 Be5
{and black is fine}) 21... Qc5 {also provides black with a pair of bishops,
active piece play and a full compensation for the pawn}) 20... Nxd5 21. exd5
Bd7 22. Bxe7 Rxe7 23. Rxb4 Rfe8 {and black has a fine compensation for the
pawn, he controls the e-file and white's bishop is restricted}) 20. g4 Rd7 21.
Bf4 $1 {white's position is already clearly better} (21. e5 $6 {is tempting
but is not the best} dxe5 22. Rxd7 Bxd7 23. Bxf6 Bxf6 24. Nd5 Qc6 25. Nxf6+
gxf6 26. Bd5 Qb6 {and although white is fully compensated for the pawn it
seems that in the game he had more}) 21... Rc8 $2 {black misses white's threat}
(21... h6 {was almost forced} 22. Nd5 Bxd5 23. Bxd5 Nxd5 24. Rxd5 {with a
clear advantage for white}) 22. g5 Ne8 23. Bxe6 fxe6 24. Qg4 {now the game is
practically over} Qc6 (24... e5 25. Bxe5) 25. Qxe6+ Kh8 26. a3 {black could
have resigned already, besides the extra pawn white has plenty positional
advantage, the rest is easy} Rb7 27. Nd5 {white further improves the position
of his pieces, black's position looks very grim} Bf8 28. Nb4 Qc5 29. Rd5 Qc4
30. b3 Qc7 31. Rf5 $1 Be7 32. Rd2 Qd7 33. Qxd7 Rxd7 34. Nd5 {with a double
threat, to take the bishop or Nb6} Nc7 35. Nb6 Rcd8 36. Nxd7 Rxd7 37. Rd4 g6
38. Rc5 Kg7 39. Rc6 1-0